BUSINESS DATA COMMUNICATIONS AND NETWORK (Record no. 8156)

MARC details
000 -LEADER
fixed length control field 00385nam a2200145Ia 4500
008 - FIXED-LENGTH DATA ELEMENTS--GENERAL INFORMATION
fixed length control field 240624s9999 xx 000 0 und d
041 ## - LANGUAGE CODE
Language code of text/sound track or separate title eng
082 ## - DEWEY DECIMAL CLASSIFICATION NUMBER
Classification number 004.6 FIT
100 ## - MAIN ENTRY--PERSONAL NAME
Personal name FITZGERALD JERRY
245 ## - TITLE STATEMENT
Title BUSINESS DATA COMMUNICATIONS AND NETWORK
250 ## - EDITION STATEMENT
Edition statement (8th ed.)
260 ## - PUBLICATION, DISTRIBUTION, ETC.
Date of publication, distribution, etc. 2005
Place of publication, distribution, etc. Singapore
Name of publisher, distributor, etc. John Wiley and Sons
300 ## - PHYSICAL DESCRIPTION
Extent xiv, : 546 : p. : cm. ; 22
365 ## - TRADE PRICE
Currency code
Price amount 28
Holdings
Withdrawn status Lost status Damaged status Not for loan Home library Current library Shelving location Date acquired Source of acquisition Cost, normal purchase price Full call number Barcode Date last seen Copy number Price effective from Koha item type
        IMTN IMTN Rack 1-A 01/22/2008 BWE 7.00 004.6 FIT 8156 06/24/2024 39.58 06/24/2024 Books
Designed & Maintained by: LRC IMT Nagpur Contact: lrc@imtnag.ac.in© 2024. All Rights Reserved.